[Event "2. Bundesliga Ost 2012/2013"]
[Site "6.+7.10., 17.+18.11., 1.12., 2.+3.2., 9.+10.3., 6.
[Date "2012.12.01"]
[Round "5"]
[Board "6"]
[White "Loidl, Florian"]
[Black "Stadler, Peter"]
[Result "0-1"]
[WhiteElo "2203"]
[BlackElo "2129"]
[PlyCount "66"]
[EventDate "2012.10.06"]
[EventType "team"]
[EventRounds "11"]
[EventCountry "AUT"]
[WhiteTeam "ASVOe VHS Poechlarn"]
[BlackTeam "Zwettl 2"]

1. c4 Nf6 2. g3 g6 3. Bg2 Bg7 4. e4 d6 5. Nc3 O-O 6. Nge2 Nc6 7. d3 e5 8. Bg5
Nd4 9. Nxd4 exd4 10. Nd5 c6 11. Nxf6+ Bxf6 12. Bxf6 Qxf6 13. h4 h5 14. Bf3 Re8
15. g4 hxg4 16. Bxg4 d5 17. Bxc8 Raxc8 18. h5 dxe4 19. hxg6 fxg6 20. Qg4 exd3+
21. Kf1 Rc7 22. Rh6 Kg7 23. Qh3 Re2 24. f3 Rf7 25. Rh7+ Kg8 26. Rxf7 Qxf7 27.
Rd1 Qe6 28. Qh4 c5 29. Rxd3 Rxb2 30. Qd8+ Kg7 31. Qc7+ Kh6 32. Qf4+ g5 33. Qf8+
Kg6 0-1

[Event "2. Bundesliga Ost 2012/2013"]
[Site "6.+7.10., 17.+18.11., 1.12., 2.+3.2., 9.+10.3., 6.
[Date "2013.02.02"]
[Round "6"]
[Board "1"]
[White "Szabo, Krisztian"]
[Black "Loeffler, Stefan"]
[Result "1-0"]
[WhiteElo "2541"]
[BlackElo "2410"]
[PlyCount "65"]
[EventDate "2012.10.06"]
[EventType "team"]
[EventRounds "11"]
[EventCountry "AUT"]
[WhiteTeam "ASVOE Mattersburg"]
[BlackTeam "ASVOe VHS Poechlarn"]

1. e4 Nf6 2. e5 Nd5 3. d4 d6 4. Nf3 dxe5 5. Nxe5 c6 6. Be2 Bf5 7. O-O Nd7 8.
Nf3 b5 9. a4 b4 10. Nh4 Bg6 11. Bf3 e6 12. g3 Rc8 13. Nxg6 hxg6 14. c4 bxc3 15.
bxc3 Qa5 16. Bd2 N5f6 17. h4 Qf5 18. Na3 c5 19. Nb5 cxd4 20. cxd4 a6 21. Rc1
Rxc1 22. Qxc1 Bc5 23. Nc7+ Kd8 24. Bg2 Bxd4 25. Nxa6 Nd5 26. Bxd5 Qxd5 27. Qc7+
Ke8 28. Qc8+ Ke7 29. Qxh8 Bb6 30. Bg5+ Kd6 31. Qe8 f6 32. Nb8 Ne5 33. Bf4 1-0

[Event "2. Bundesliga Ost 2012/2013"]
[Site "6.+7.10., 17.+18.11., 1.12., 2.+3.2., 9.+10.3., 6.
[Date "2013.02.02"]
[Round "6"]
[Board "2"]
[White "Kostic, Vladimir"]
[Black "Papp, Gabor"]
[Result "0-1"]
[WhiteElo "2417"]
[BlackElo "2571"]
[PlyCount "130"]
[EventDate "2012.10.06"]
[EventType "team"]
[EventRounds "11"]
[EventCountry "AUT"]
[WhiteTeam "ASVOe VHS Poechlarn"]
[BlackTeam "ASVOE Mattersburg"]

1. c4 e5 2. Nc3 Nf6 3. Nf3 Nc6 4. d3 d5 5. cxd5 Nxd5 6. Bd2 Be7 7. a3 Be6 8.
Rc1 O-O 9. Na4 Nd4 10. Nc5 Bxc5 11. Rxc5 b6 12. Rc1 Nxf3+ 13. gxf3 c5 14. Qa4
f5 15. b4 cxb4 16. axb4 Qe7 17. Bg2 f4 18. b5 Rad8 19. h4 Kh8 20. Rc4 Rc8 21.
Qa1 Bf5 22. Qb2 Rc5 23. Rxc5 bxc5 24. Qa2 Nb4 25. Qc4 Rd8 26. Bf1 Rd4 27. Qb3
Qd7 28. Bc3 Be6 29. Qb2 Qxb5 30. Bh3 Bxh3 31. Rxh3 Rd5 32. Kf1 Qd7 33. Kg2 Nc6
34. Rh1 h6 35. Rb1 Rd6 36. Kf1 Nd4 37. Qb8+ Kh7 38. Bxd4 cxd4 39. Rb7 Qh3+ 40.
Ke1 Rg6 41. Qxe5 Qxh4 42. Qxd4 a6 43. Kd2 Qg5 44. Qe4 h5 45. Re7 Qa5+ 46. Kc2
Qc5+ 47. Kd2 Qxf2 48. Qxf4 Qb6 49. Qe4 Qb2+ 50. Ke3 Qc1+ 51. Kd4 Qb2+ 52. Ke3
Qc1+ 53. Kd4 Kh6 54. Qe3+ Qxe3+ 55. Kxe3 h4 56. Re4 Kh5 57. Re8 h3 58. Rh8+ Rh6
59. Rc8 h2 60. Rc1 Kg5 61. Rh1 a5 62. Kf2 a4 63. Kg3 a3 64. f4+ Kf6 65. e4 a2
0-1

[Event "2. Bundesliga Ost 2012/2013"]
[Site "6.+7.10., 17.+18.11., 1.12., 2.+3.2., 9.+10.3., 6.
[Date "2013.02.02"]
[Round "6"]
[Board "3"]
[White "Fodor, Tamas"]
[Black "Weinzettl, Ernst"]
[Result "1-0"]
[WhiteElo "2503"]
[BlackElo "2257"]
[PlyCount "69"]
[EventDate "2012.10.06"]
[EventType "team"]
[EventRounds "11"]
[EventCountry "AUT"]
[WhiteTeam "ASVOE Mattersburg"]
[BlackTeam "ASVOe VHS Poechlarn"]

1. d4 Nf6 2. c4 g6 3. Nc3 Bg7 4. e4 d6 5. Nf3 O-O 6. Be2 e5 7. O-O Nh5 8. g3
Bh3 9. Re1 exd4 10. Nxd4 Nf6 11. Be3 Re8 12. f3 c6 13. Nc2 Qe7 14. Qd2 Nbd7 15.
Rad1 Bf8 16. Kh1 a6 17. Bg5 b5 18. Qf4 Be6 19. c5 h6 20. Bxf6 Qxf6 21. Qxf6
Nxf6 22. cxd6 Nd7 23. f4 c5 24. Bf3 Rab8 25. e5 b4 26. Nd5 b3 27. axb3 Rxb3 28.
Nc7 Rxf3 29. Nxe8 Rf2 30. Ne3 Bg7 31. Nc7 Bb3 32. Kg1 Rxb2 33. Rb1 Rxb1 34.
Rxb1 c4 35. Nxa6 1-0

[Event "2. Bundesliga Ost 2012/2013"]
[Site "6.+7.10., 17.+18.11., 1.12., 2.+3.2., 9.+10.3., 6.
[Date "2013.02.02"]
[Round "6"]
[Board "4"]
[White "Wilke, Werner"]
[Black "Wiedner, Robert"]
[Result "1-0"]
[WhiteElo "2249"]
[BlackElo "2133"]
[PlyCount "65"]
[EventDate "2012.10.06"]
[EventType "team"]
[EventRounds "11"]
[EventCountry "AUT"]
[WhiteTeam "ASVOe VHS Poechlarn"]
[BlackTeam "ASVOE Mattersburg"]

1. e4 g6 2. d4 Bg7 3. Nc3 d6 4. Bg5 c6 5. f4 Nd7 6. Nf3 Nf8 7. Qd2 Qb6 8. Bc4
Be6 9. Be2 Bg4 10. Na4 Qc7 11. Bh4 Nf6 12. Nc3 Ne6 13. O-O Nh5 14. Ng5 Bxe2 15.
Nxe6 fxe6 16. Nxe2 Nf6 17. Qd3 Nd7 18. Qh3 Nf8 19. c3 O-O-O 20. b4 Kb8 21. Rab1
Qd7 22. Qd3 Rc8 23. Rfd1 d5 24. e5 Qe8 25. b5 c5 26. dxc5 Rxc5 27. Bf2 Rc4 28.
Qe3 Ra4 29. c4 Qd8 30. cxd5 exd5 31. Nc3 Ra3 32. Qc5 Qa5 33. Nxd5 1-0

[Event "2. Bundesliga Ost 2012/2013"]
[Site "6.+7.10., 17.+18.11., 1.12., 2.+3.2., 9.+10.3., 6.
[Date "2013.02.02"]
[Round "6"]
[Board "5"]
[White "Salamon, Werner"]
[Black "Mittermayr, Gerhard"]
[Result "1-0"]
[WhiteElo "2133"]
[BlackElo "2117"]
[PlyCount "97"]
[EventDate "2012.10.06"]
[EventType "team"]
[EventRounds "11"]
[EventCountry "AUT"]
[WhiteTeam "ASVOE Mattersburg"]
[BlackTeam "ASVOe VHS Poechlarn"]

1. e4 e6 2. d4 d5 3. exd5 exd5 4. Bd3 Bd6 5. Nf3 Nf6 6. O-O O-O 7. Bg5 Bg4 8.
Nbd2 Nbd7 9. c4 c6 10. c5 Bc7 11. Qc2 Qb8 12. Bh4 Bh5 13. Bg3 Bxg3 14. hxg3 Re8
15. Rfe1 Qc7 16. Nh4 Bg6 17. Nxg6 hxg6 18. Nf3 Rxe1+ 19. Rxe1 Nf8 20. b4 Re8
21. Rxe8 Nxe8 22. Qe2 Qd8 23. a4 f6 24. Nh4 f5 25. Nxg6 Nxg6 26. Qe6+ Kh7 27.
Qxf5 Qf6 28. Qh5+ Kg8 29. Qxg6 Nc7 30. Qxf6 gxf6 31. Bf5 Kf7 32. Bc8 Ke7 33. g4
Na6 34. b5 cxb5 35. axb5 Nb4 36. Bxb7 Ke6 37. Bc8+ Ke7 38. b6 a5 39. Bf5 Kd8
40. f4 a4 41. g5 a3 42. Bb1 fxg5 43. fxg5 Nc6 44. g6 Ne7 45. g7 Kd7 46. Ba2 Kc6
47. b7 Kc7 48. b8=Q+ Kxb8 49. Bxd5 1-0

[Event "2. Bundesliga Ost 2012/2013"]
[Site "6.+7.10., 17.+18.11., 1.12., 2.+3.2., 9.+10.3., 6.
[Date "2013.02.02"]
[Round "6"]
[Board "6"]
[White "Gattermayer, Robert"]
[Black "Savio, Alfred Jun."]
[Result "0-1"]
[WhiteElo "2004"]
[BlackElo "2035"]
[PlyCount "68"]
[EventDate "2012.10.06"]
[EventType "team"]
[EventRounds "11"]
[EventCountry "AUT"]
[WhiteTeam "ASVOe VHS Poechlarn"]
[BlackTeam "ASVOE Mattersburg"]

1. e4 c6 2. h4 d5 3. e5 c5 4. c3 Nc6 5. d4 cxd4 6. cxd4 Qb6 7. Ne2 Bf5 8. a3 e6
9. Nbc3 Nge7 10. b4 h6 11. Be3 Bh7 12. g4 Nc8 13. Ng3 a6 14. Bd3 Bxd3 15. Qxd3
Be7 16. f4 N8a7 17. f5 O-O-O 18. h5 Rdf8 19. O-O Qd8 20. Rfc1 Bg5 21. Rab1
Bxe3+ 22. Qxe3 Qh4 23. a4 Kb8 24. b5 axb5 25. Nxb5 Rc8 26. Kg2 Nxb5 27. Rxb5
Qe7 28. Rcb1 Rc7 29. a5 Rhc8 30. a6 Nd8 31. Qb3 Rc2+ 32. Kh3 R8c7 33. axb7 Qh4+
34. Kxh4 Rh2# 0-1

[Event "2. Bundesliga Ost 2012/2013"]
[Site "6.+7.10., 17.+18.11., 1.12., 2.+3.2., 9.+10.3., 6.
[Date "2013.02.02"]
[Round "6"]
[Board "1"]
[White "Baumegger, Siegfried"]
[Black "Pisk, Petr"]
[Result "1/2-1/2"]
[WhiteElo "2462"]
[BlackElo "2389"]
[PlyCount "69"]
[EventDate "2012.10.06"]
[EventType "team"]
[EventRounds "11"]
[EventCountry "AUT"]
[WhiteTeam "tschaturanga"]
[BlackTeam "Zwettl 2"]

1. Nf3 d5 2. c4 e6 3. d4 c5 4. cxd5 exd5 5. g3 Nc6 6. Bg2 Nf6 7. O-O Be7 8. Be3
c4 9. Ne5 O-O 10. b3 cxb3 11. Qxb3 Na5 12. Qa4 Be6 13. Rc1 b6 14. Nd2 Ng4 15.
Bf4 Nxe5 16. Bxe5 Rc8 17. Qb5 Ba3 18. Rxc8 Qxc8 19. Qd3 Bb4 20. Rd1 Bxd2 21.
Qxd2 Nc4 22. Qb4 a5 23. Qb5 Nxe5 24. dxe5 Qc2 25. Qb1 Qxe2 26. Bxd5 Qxe5 27.
Qxb6 Qe2 28. Bb3 g6 29. Qe3 Qxe3 30. fxe3 Bxb3 31. axb3 Rb8 32. Rd3 Kg7 33. Kf2
Rb4 34. Kf3 h5 35. Rd5 1/2-1/2

[Event "2. Bundesliga Ost 2012/2013"]
[Site "6.+7.10., 17.+18.11., 1.12., 2.+3.2., 9.+10.3., 6.
[Date "2013.02.02"]
[Round "6"]
[Board "2"]
[White "Wagner, Stefan"]
[Black "Weber, Gerold"]
[Result "1-0"]
[WhiteElo "2178"]
[BlackElo "2382"]
[PlyCount "139"]
[EventDate "2012.10.06"]
[EventType "team"]
[EventRounds "11"]
[EventCountry "AUT"]
[WhiteTeam "Zwettl 2"]
[BlackTeam "tschaturanga"]

1. c4 e5 2. g3 Nf6 3. Bg2 Nc6 4. Nc3 Bc5 5. a3 a6 6. e3 d6 7. Nge2 O-O 8. O-O
Re8 9. d3 h6 10. h3 Rb8 11. Kh2 Bd7 12. b4 Ba7 13. Bb2 b5 14. cxb5 axb5 15. Rc1
Ne7 16. d4 exd4 17. Nxd4 c6 18. Ne4 Nxe4 19. Bxe4 Rc8 20. Qh5 Rf8 21. Nf5 Nxf5
22. Bxf5 Bxf5 23. Qxf5 Qe7 24. Rfd1 Qe6 25. Qf4 Rfd8 26. Rd2 Rd7 27. Rcd1 Bb8
28. Qd4 f5 29. Qb6 d5 30. Rc2 Bd6 31. Rdc1 Rdc7 32. Qd4 Qf7 33. Qd3 Qe6 34. Bd4
Ra8 35. Kg2 Ra6 36. a4 Qd7 37. axb5 cxb5 38. Bc5 Qe6 39. Qxb5 Rac6 40. Qd3 Qe4+
41. Qxe4 fxe4 42. f3 Kf7 43. fxe4 dxe4 44. Rc4 Bxc5 45. bxc5 Re7 46. Rf1+ Ke8
47. Rf4 Re5 48. Rfxe4 Rcxc5 49. Rxc5 Rxe4 50. Kf3 Ra4 51. Rc7 Kf8 52. h4 h5 53.
Rc5 g6 54. Rc7 Ra1 55. e4 Rf1+ 56. Ke3 Kg8 57. Kd4 Kf8 58. Rc3 Re1 59. Ke5 Ra1
60. Kf6 Ra6+ 61. Kg5 Re6 62. Rc8+ Kf7 63. Rc7+ Kg8 64. Rc5 Kf7 65. e5 Ra6 66.
Rc7+ Kf8 67. Rc3 Re6 68. Kf4 Ra6 69. Rd3 Ke7 70. Kg5 1-0

[Event "2. Bundesliga Ost 2012/2013"]
[Site "6.+7.10., 17.+18.11., 1.12., 2.+3.2., 9.+10.3., 6.
[Date "2013.02.02"]
[Round "6"]
[Board "3"]
[White "Srienz, Christian"]
[Black "Vyskocil, Neklan"]
[Result "1/2-1/2"]
[WhiteElo "2323"]
[BlackElo "2368"]
[PlyCount "112"]
[EventDate "2012.10.06"]
[EventType "team"]
[EventRounds "11"]
[EventCountry "AUT"]
[WhiteTeam "tschaturanga"]
[BlackTeam "Zwettl 2"]

1. c4 e6 2. Nc3 d5 3. d4 c5 4. cxd5 exd5 5. Nf3 Nc6 6. g3 Nf6 7. Bg2 Be7 8. O-O
O-O 9. Be3 c4 10. Ne5 Qa5 11. h3 Rd8 12. Kh2 Nxe5 13. dxe5 Ne4 14. Bd4 Nxc3 15.
Bxc3 Bb4 16. Qd4 Bxc3 17. bxc3 Bf5 18. g4 Bc2 19. f4 Qb6 20. e3 Qxd4 21. exd4
Ba4 22. f5 Bc6 23. Kg3 b5 24. a3 a5 25. Rab1 Rdb8 26. Kf4 Kf8 27. Rf2 Ra7 28.
g5 Rab7 29. Rfb2 Ke7 30. Bf3 Rb6 31. h4 R8b7 32. h5 Rb8 33. Bd1 h6 34. f6+ Kf8
35. Bf3 hxg5+ 36. Kxg5 Kg8 37. Bg4 Kh8 38. Rf2 Rg8 39. Kh4 Be8 40. Rbf1 g5+ 41.
hxg6 Rxg6 42. Bf5 Rg8 43. Bc8 Rg6 44. e6 Rc6 45. Bb7 Rxe6 46. Bxd5 Rh6+ 47. Kg5
Rg6+ 48. Kh4 Re3 49. Rf3 Re2 50. R3f2 Rh6+ 51. Kg3 Rg6+ 52. Kh4 Rh6+ 53. Kg3
Rg6+ 54. Kh4 Rh6+ 55. Kg3 Rg6+ 56. Kh4 Rh6+ 1/2-1/2

[Event "2. Bundesliga Ost 2012/2013"]
[Site "6.+7.10., 17.+18.11., 1.12., 2.+3.2., 9.+10.3., 6.
[Date "2013.02.02"]
[Round "6"]
[Board "4"]
[White "Buchnicek, Petr"]
[Black "Sadilek, Peter"]
[Result "1/2-1/2"]
[WhiteElo "2352"]
[BlackElo "2248"]
[PlyCount "290"]
[EventDate "2012.10.06"]
[EventType "team"]
[EventRounds "11"]
[EventCountry "AUT"]
[WhiteTeam "Zwettl 2"]
[BlackTeam "tschaturanga"]

1. d4 Nf6 2. Bg5 Ne4 3. h4 d5 4. Nd2 Bf5 5. Nxe4 Bxe4 6. f3 h6 7. Bf4 Bh7 8. e3
e6 9. Bd3 Bxd3 10. Qxd3 c5 11. dxc5 Nd7 12. O-O-O Qa5 13. Kb1 Nxc5 14. Qd4 Rc8
15. Ne2 Na4 16. e4 Qb5 17. b3 Qxe2 18. Qxa4+ b5 19. Rd2 bxa4 20. Rxe2 axb3 21.
axb3 dxe4 22. Rxe4 Be7 23. Ra4 O-O 24. Rxa7 Bf6 25. Bc1 Rfd8 26. Ra4 Rd5 27. g4
Rdc5 28. g5 Be5 29. f4 Bc3 30. Rd1 hxg5 31. hxg5 Kh7 32. Rd7 Kg6 33. Raa7 Rh8
34. Rac7 Rxc7 35. Rxc7 Rh3 36. Rc4 f6 37. gxf6 gxf6 38. b4 e5 39. b5 exf4 40.
Bxf4 Rh1+ 41. Ka2 Ra1+ 42. Kb3 Be1 43. Ra4 Rb1+ 44. Kc4 Rb2 45. c3 Bxc3 46.
Kxc3 Rxb5 47. Kc4 Rh5 48. Be3 Rh1 49. Ra2 Rf1 50. Kd5 Rf5+ 51. Kd6 Rf3 52. Bd4
Rf1 53. Re2 Kf7 54. Rg2 Rf4 55. Kd5 Rf1 56. Rg3 Rf5+ 57. Ke4 Rf1 58. Bc3 Rf2
59. Bd4 Rf1 60. Ra3 Re1+ 61. Kd5 Rf1 62. Rb3 Rf5+ 63. Ke4 Rf1 64. Rb7+ Kg6 65.
Rb6 Kf7 66. Ra6 Kg6 67. Kd5 Kf7 68. Bc3 Rf3 69. Ra7+ Kg6 70. Rc7 Rf1 71. Bd4
Rf3 72. Ke6 Rf4 73. Bc3 Rf3 74. Rc6 Re3+ 75. Kd7 Rf3 76. Ke7 Re3+ 77. Kf8 Rf3
78. Bd4 Rf4 79. Rd6 Rf1 80. Re6 Rf4 81. Be3 Rf5 82. Rd6 Rf3 83. Bd2 Rf2 84. Rd3
Rg2 85. Bc3 f5 86. Bd2 Kh5 87. Kf7 Kg4 88. Rd4+ Kf3 89. Kf6 Rg4 90. Rd5 f4 91.
Rd4 Rh4 92. Kg5 Rg4+ 93. Kf5 Rg8 94. Bxf4 Rf8+ 95. Ke5 Re8+ 96. Kd5 Rd8+ 97.
Bd6 Ke3 98. Rg4 Ra8 99. Rg3+ Kf2 100. Rc3 Rd8 101. Ke5 Ra8 102. Bc5+ Ke2 103.
Bd4 Re8+ 104. Kd5 Rd8+ 105. Ke4 Re8+ 106. Be5 Kd2 107. Rb3 Rc8 108. Rb6 Re8
109. Rb2+ Kc1 110. Rh2 Re7 111. Kd4 Rf7 112. Kc4 Kd1 113. Bd4 Rf3 114. Bc3 Rf4+
115. Kb3 Rf3 116. Rg2 Rd3 117. Rf2 Re3 118. Kc4 Re2 119. Rf1+ Kc2 120. Ra1 Re3
121. Ra2+ Kd1 122. Kd4 Re2 123. Ra1+ Kc2 124. Ra8 Re7 125. Ra2+ Kb3 126. Rb2+
Ka3 127. Rb5 Rd7+ 128. Kc4 Rc7+ 129. Kd3 Ka4 130. Rb4+ Ka3 131. Kc2 Rh7 132.
Rb5 Rh2+ 133. Bd2 Rh4 134. Rg5 Rc4+ 135. Bc3 Rh4 136. Rf5 Rh2+ 137. Bd2 Rh4
138. Ra5+ Ra4 139. Rh5 Rg4 140. Be1 Re4 141. Bc3 Rg4 142. Bd2 Rc4+ 143. Kd3 Rg4
144. Bc3 Rg3+ 145. Kc4 Rg4+ 1/2-1/2

[Event "2. Bundesliga Ost 2012/2013"]
[Site "6.+7.10., 17.+18.11., 1.12., 2.+3.2., 9.+10.3., 6.
[Date "2013.02.02"]
[Round "6"]
[Board "5"]
[White "Kleiser, Gregor"]
[Black "Zwettler, Martin"]
[Result "1-0"]
[WhiteElo "2286"]
[BlackElo "2201"]
[PlyCount "113"]
[EventDate "2012.10.06"]
[EventType "team"]
[EventRounds "11"]
[EventCountry "AUT"]
[WhiteTeam "tschaturanga"]
[BlackTeam "Zwettl 2"]

1. d4 e6 2. e4 c5 3. Nf3 cxd4 4. Nxd4 a6 5. Bd3 Nc6 6. Nxc6 dxc6 7. Nd2 e5 8.
Nc4 Be6 9. Bd2 Bxc4 10. Bxc4 Nf6 11. Qf3 Bd6 12. O-O-O Qe7 13. Bg5 Rd8 14. Rd3
h6 15. Bxf6 Qxf6 16. Qxf6 gxf6 17. Rhd1 Be7 18. Rxd8+ Bxd8 19. Kd2 Rg8 20. g3
Bb6 21. Ke2 Rg7 22. Rd3 Bd4 23. Rb3 b5 24. Bd3 Kd7 25. Ra3 Bxb2 26. Rxa6 Bd4
27. Ra8 Rh7 28. c4 bxc4 29. Bxc4 Kd6 30. Bb3 Kc5 31. Rc8 Kb6 32. Ba4 c5 33.
Rc6+ Ka5 34. Bb3 Kb4 35. Bd5 h5 36. Rb6+ Ka5 37. Rxf6 h4 38. Bc4 Kb4 39. Kd3
Ka3 40. g4 h3 41. Bxf7 Rg7 42. f3 Bg1 43. Kc3 Bd4+ 44. Kc2 c4 45. Bxc4 Rc7 46.
Kd3 Kb4 47. Rf8 Ba7 48. Rf7 Rxf7 49. Bxf7 Bg1 50. g5 Bxh2 51. g6 Bf4 52. g7 h2
53. g8=Q h1=Q 54. Qb8+ Ka5 55. Qa7+ Kb5 56. Be8+ Kb4 57. Qb6+ 1-0

[Event "2. Bundesliga Ost 2012/2013"]
[Site "6.+7.10., 17.+18.11., 1.12., 2.+3.2., 9.+10.3., 6.
[Date "2013.02.02"]
[Round "6"]
[Board "6"]
[White "Stadler, Peter"]
[Black "Leitner, Gerald"]
[Result "0-1"]
[WhiteElo "2129"]
[BlackElo "2206"]
[PlyCount "120"]
[EventDate "2012.10.06"]
[EventType "team"]
[EventRounds "11"]
[EventCountry "AUT"]
[WhiteTeam "Zwettl 2"]
[BlackTeam "tschaturanga"]

1. d4 Nf6 2. Nf3 c5 3. c4 e6 4. Nc3 cxd4 5. Nxd4 Nc6 6. Nc2 Be7 7. e4 O-O 8.
Be3 b6 9. Be2 Bb7 10. O-O Rc8 11. b3 Re8 12. f4 d5 13. e5 Ne4 14. Nxe4 dxe4 15.
Qxd8 Rexd8 16. Rfd1 f6 17. exf6 gxf6 18. Kf2 f5 19. Nd4 Kf7 20. Nxc6 Bxc6 21.
a3 Rxd1 22. Bxd1 Bf6 23. Ra2 Ke7 24. b4 Bb7 25. c5 Bd5 26. Rd2 b5 27. Be2 a6
28. g3 Kd7 29. Bd4 Bxd4+ 30. Rxd4 Kc6 31. Ke3 Ra8 32. Rd2 a5 33. Kd4 axb4 34.
axb4 Ra1 35. Rb2 Rc1 36. Bh5 Bc4 37. Be8+ Kc7 38. Bh5 Kc6 39. Be8+ Kc7 40. Bh5
Re1 41. Be8 Rd1+ 42. Ke3 Rd3+ 43. Kf2 Rf3+ 44. Kg1 e3 45. Bh5 e2 46. Rxe2 Bxe2
47. Bxf3 Bxf3 48. Kf2 Bc6 49. Ke3 Kd7 50. Kd4 Ke7 51. Ke5 Bg2 52. Kd4 Kf6 53.
Kd3 e5 54. fxe5+ Kxe5 55. Ke3 Bc6 56. Kd3 Be4+ 57. Ke3 h6 58. h3 h5 59. h4 Bc6
60. Kd3 Bd5 0-1

[Event "2. Bundesliga Ost 2012/2013"]
[Site "6.+7.10., 17.+18.11., 1.12., 2.+3.2., 9.+10.3., 6.
[Date "2013.02.02"]
[Round "6"]
[Board "1"]
[White "Markos, Jan"]
[Black "Zilka, Stepan"]
[Result "0-1"]
[WhiteElo "2581"]
[BlackElo "2529"]
[PlyCount "74"]
[EventDate "2012.10.06"]
[EventType "team"]
[EventRounds "11"]
[EventCountry "AUT"]
[WhiteTeam "ASVOE Pamhagen"]
[BlackTeam "Blackburne Nickelsdorf"]

1. d4 Nf6 2. c4 e6 3. Nf3 d5 4. Nc3 dxc4 5. e3 a6 6. Bxc4 b5 7. Bd3 Bb7 8. O-O
Nbd7 9. Qe2 c5 10. Rd1 Qc7 11. Bd2 Rc8 12. Rac1 Qb8 13. a4 c4 14. Bb1 b4 15.
Na2 c3 16. bxc3 b3 17. Nb4 a5 18. Na6 Qa8 19. Bd3 Rc6 20. Nc5 Bxc5 21. dxc5
Nxc5 22. Bb5 O-O 23. Nd4 Rc7 24. f3 e5 25. Rb1 exd4 26. cxd4 Ne6 27. Rxb3 Nd5
28. Qe1 Nb4 29. Bxb4 axb4 30. Qxb4 Bxf3 31. gxf3 Qxf3 32. Qd2 Nxd4 33. Rb2 Nxb5
34. Rxb5 Rc4 35. Rg5 Rxa4 36. Rc1 Rg4+ 37. Rxg4 37... Qxg4+ {...} 0-1

[Event "2. Bundesliga Ost 2012/2013"]
[Site "6.+7.10., 17.+18.11., 1.12., 2.+3.2., 9.+10.3., 6.
[Date "2013.02.02"]
[Round "6"]
[Board "2"]
[White "Pinter, Erik"]
[Black "Cvek, Robert"]
[Result "0-1"]
[WhiteElo "2379"]
[BlackElo "2540"]
[PlyCount "82"]
[EventDate "2012.10.06"]
[EventType "team"]
[EventRounds "11"]
[EventCountry "AUT"]
[WhiteTeam "Blackburne Nickelsdorf"]
[BlackTeam "ASVOE Pamhagen"]

1. e4 c5 2. Nf3 Nc6 3. Bb5 g6 4. O-O Bg7 5. Re1 Nf6 6. c3 O-O 7. d4 d5 8. exd5
Qxd5 9. c4 Qd6 10. Bxc6 bxc6 11. Nc3 cxd4 12. Qxd4 Rd8 13. Qxd6 exd6 14. Bf4
Ba6 15. Rad1 Bxc4 16. Rxd6 Rxd6 17. Bxd6 Nd5 18. Nd2 Nb6 19. Nde4 Be6 20. Be7
f5 21. Ng5 Bc4 22. Nf3 Nd5 23. Nxd5 Bxd5 24. b3 a5 25. h4 a4 26. h5 axb3 27.
axb3 Re8 28. hxg6 hxg6 29. Bc5 Rxe1+ 30. Nxe1 Bxb3 31. f4 Bd5 32. Kf2 Be4 33.
Nf3 Bxf3 34. Kxf3 Kf7 35. Ke3 Ke6 36. Kd3 Kd5 37. Be3 c5 38. Bc1 Bd4 39. Bd2
c4+ 40. Ke2 Ke4 41. g3 c3 0-1

[Event "2. Bundesliga Ost 2012/2013"]
[Site "6.+7.10., 17.+18.11., 1.12., 2.+3.2., 9.+10.3., 6.
[Date "2013.02.02"]
[Round "6"]
[Board "3"]
[White "Michalik, Peter"]
[Black "Vlcek, Stanislav"]
[Result "1-0"]
[WhiteElo "2508"]
[BlackElo "2292"]
[PlyCount "73"]
[EventDate "2012.10.06"]
[EventType "team"]
[EventRounds "11"]
[EventCountry "AUT"]
[WhiteTeam "ASVOE Pamhagen"]
[BlackTeam "Blackburne Nickelsdorf"]

1. d4 Nf6 2. c4 g6 3. Nc3 Bg7 4. e4 d6 5. Bd3 Nc6 6. Nge2 e5 7. d5 Nd4 8. Rb1
O-O 9. O-O c5 10. dxc6 bxc6 11. b4 Be6 12. Nxd4 exd4 13. Ne2 c5 14. bxc5 dxc5
15. Nf4 Re8 16. e5 Nd7 17. Nxe6 Rxe6 18. f4 Rb8 19. Rxb8 Qxb8 20. Qa4 Qb7 21.
Qc2 Ra6 22. h4 Nb6 23. f5 Bxe5 24. fxg6 hxg6 25. Bxg6 f6 26. Be4 Rxa2 27. Qd3
Qg7 28. Qh3 Kf7 29. Bf4 Bxf4 30. Rxf4 Ke7 31. Qf5 Nd7 32. Rg4 Qh6 33. h5 Ne5
34. Rg3 Qc1+ 35. Kh2 Qxc4 36. Rg7+ Nf7 37. Bd5 1-0

[Event "2. Bundesliga Ost 2012/2013"]
[Site "6.+7.10., 17.+18.11., 1.12., 2.+3.2., 9.+10.3., 6.
[Date "2013.02.02"]
[Round "6"]
[Board "4"]
[White "Bachofner, Andreas"]
[Black "Lipka, Juraj"]
[Result "0-1"]
[WhiteElo "2207"]
[BlackElo "2441"]
[PlyCount "68"]
[EventDate "2012.10.06"]
[EventType "team"]
[EventRounds "11"]
[EventCountry "AUT"]
[WhiteTeam "Blackburne Nickelsdorf"]
[BlackTeam "ASVOE Pamhagen"]

1. e4 e6 2. d4 d5 3. Nc3 Nf6 4. e5 Nfd7 5. f4 c5 6. Nf3 Nc6 7. Be3 Rb8 8. Qd2
Qa5 9. Ne2 Qxd2+ 10. Kxd2 c4 11. g4 b5 12. Ng3 b4 13. b3 Nb6 14. h4 a5 15. f5
a4 16. Bh3 Ra8 17. Nh5 h6 18. f6 g6 19. Nf4 Na5 20. Rab1 Bd7 21. h5 g5 22. Ne2
axb3 23. axb3 cxb3 24. cxb3 Nbc4+ 25. bxc4 Nxc4+ 26. Ke1 Nxe3 27. Kf2 Nc4 28.
Ra1 Na3 29. Nd2 Ba4 30. Nc1 Rc8 31. Bf1 Rc2 32. Ke1 b3 33. Ncxb3 Bb4 34. Kd1
Rxd2+ 0-1

[Event "2. Bundesliga Ost 2012/2013"]
[Site "6.+7.10., 17.+18.11., 1.12., 2.+3.2., 9.+10.3., 6.
[Date "2013.02.02"]
[Round "6"]
[Board "5"]
[White "Hangweyrer, Manfred"]
[Black "Bachofner, Christian"]
[Result "1/2-1/2"]
[WhiteElo "2367"]
[BlackElo "2082"]
[PlyCount "138"]
[EventDate "2012.10.06"]
[EventType "team"]
[EventRounds "11"]
[EventCountry "AUT"]
[WhiteTeam "ASVOE Pamhagen"]
[BlackTeam "Blackburne Nickelsdorf"]

1. e4 c5 2. Nf3 d6 3. Bb5+ Bd7 4. Bxd7+ Qxd7 5. O-O Nc6 6. c4 Nf6 7. Nc3 e6 8.
d4 cxd4 9. Nxd4 Be7 10. b3 O-O 11. Bb2 a6 12. a4 Qc7 13. Rb1 Rfd8 14. Nc2 Rac8
15. Ne3 Qb6 16. Ba1 Nb4 17. Qe2 Bf8 18. Rfd1 Qc5 19. h3 Qg5 20. Qf3 Nc6 21. g3
h5 22. Kg2 Ne5 23. Qf4 Qg6 24. Bb2 Be7 25. h4 Qh7 26. Nf1 Nfd7 27. Ba3 Nc5 28.
f3 g5 29. hxg5 Qg6 30. Qe3 Bxg5 31. f4 Ng4 32. Qf3 Bf6 33. f5 Qg7 34. Ne2 Ne5
35. Qxh5 Nxe4 36. fxe6 fxe6 37. Nf4 Qf7 38. Re1 Ng5 39. Rbd1 Rc6 40. Ne3 Qxh5
41. Nxh5 Be7 42. Bb2 Rb6 43. Bxe5 dxe5 44. Rxd8+ Bxd8 45. Rd1 Be7 46. Rb1 Rd6
47. Rd1 Rb6 48. Rd7 Kf8 49. Ng4 Rxb3 50. Nxe5 Rb2+ 51. Kf1 Rb1+ 52. Ke2 Rb2+
53. Kd3 Ke8 54. Rc7 Kd8 55. Rd7+ Ke8 56. g4 Rb3+ 57. Ke2 Rb2+ 58. Kd1 Rb1+ 59.
Kc2 Rb4 60. Kc3 Rb1 61. a5 Re1 62. Ng7+ Kf8 63. Ng6+ Kxg7 64. Nxe7 Ne4+ 65. Kc2
Re2+ 66. Kc1 Re1+ 67. Kc2 Re2+ 68. Kd1 Nc3+ 69. Kc1 Na2+ 1/2-1/2

[Event "2. Bundesliga Ost 2012/2013"]
[Site "6.+7.10., 17.+18.11., 1.12., 2.+3.2., 9.+10.3., 6.
[Date "2013.02.02"]
[Round "6"]
[Board "6"]
[White "Gutsch, Franz"]
[Black "Kuthan, Andreas"]
[Result "0-1"]
[WhiteElo "2076"]
[BlackElo "2219"]
[PlyCount "58"]
[EventDate "2012.10.06"]
[EventType "team"]
[EventRounds "11"]
[EventCountry "AUT"]
[WhiteTeam "Blackburne Nickelsdorf"]
[BlackTeam "ASVOE Pamhagen"]

1. d4 Nf6 2. Nf3 g6 3. c4 Bg7 4. Nc3 O-O 5. g3 d6 6. Bg2 Nbd7 7. O-O e5 8. dxe5
dxe5 9. Bg5 h6 10. Bxf6 Qxf6 11. Nd2 Qd8 12. Qc2 f5 13. Rad1 c6 14. b4 Qf6 15.
e3 e4 16. Ne2 Ne5 17. Nf4 Qf7 18. h4 g5 19. hxg5 hxg5 20. Nh3 Qh5 21. f4 exf3
22. Nxf3 Nxf3+ 23. Rxf3 Be5 24. Rdf1 Be6 25. g4 Qxg4 26. Nf2 Qxc4 27. Qb1 g4
28. Rc1 Qxa2 29. Rxf5 Rxf5 0-1